|
|
|
|
| LEADER |
00000nam a2200000 a 4500 |
| 001 |
vtls001407833 |
| 003 |
SK-MaSNL |
| 005 |
20260301120243.0 |
| 008 |
200115s1998 xo g b 00000 slo |
| 015 |
|
|
|a SNBSAB2000-00132
|
| 020 |
|
|
|a 8096792709
|
| 035 |
|
|
|a SNK000362494
|
| 035 |
|
|
|a urn:nbn:sk:snk-am3hoyv
|
| 035 |
|
|
|a 1257D9BB-7B01-435F-90D2-A8B0F4E2BBB8
|
| 035 |
|
|
|a urn:nbn:sk:snk-am00cupk
|
| 040 |
|
|
|a SNK
|b slo
|c SNK
|e AACR2
|
| 041 |
0 |
|
|a slo
|
| 044 |
|
|
|a xo
|c SK
|
| 080 |
|
|
|a 178.8+613.8
|2 1981
|
| 080 |
|
|
|a 613.8
|2 1981
|
| 100 |
1 |
|
|a Ulmanová, Alžbeta
|4 aut
|4 com
|9 296980
|
| 245 |
1 |
0 |
|a Drogy nie!
|c [zostavila: Alžbeta Ulmanová]
|
| 260 |
|
|
|a Vranov nad Topľou
|b Vihorlatská knižnica
|c 1998
|
| 300 |
|
|
|a 28 s.
|c 15x10,5 cm
|
| 366 |
|
|
|e 100 výt.
|
| 500 |
|
|
|a Údaj o zost. je prevzatý z tiráže
|
| 504 |
|
|
|a Lit. 114 zázn. o čl. a kn. v čes. a slov.
|
| 650 |
0 |
7 |
|a drogy
|2 SNKPH
|9 1552
|
| 650 |
0 |
7 |
|a drogová závislosť
|2 SNKPH
|9 1551
|
| 650 |
0 |
7 |
|a drogová prevencia
|2 SNKPH
|9 1549
|
| 655 |
|
7 |
|a odporúčajúce bibliografie
|2 SNKPH
|9 74934
|
| 655 |
|
7 |
|a neperiodické bibliografie
|2 SNKPH
|9 60408
|
| 919 |
|
|
|a 80-967927-0-9
|
| 958 |
|
|
|a RM
|
| 958 |
|
|
|a SF
|
| 958 |
|
|
|a TL
|
| 958 |
|
|
|a SK
|
| 958 |
|
|
|a NB
|
| 999 |
|
|
|c 725244
|d 727174
|
| 952 |
|
|
|t P60, <03>, [BOOK], {603}
|a SNK
|b SNK
|y PREZ
|7 0
|p 17A0291570
|o snkSE 9971
|i snkKSP 2849/2001
|0 0
|1 0
|4 0
|d 2001-02-21
|f 1
|l 0
|r 2005-01-02 00:00:00
|w 2026-02-23
|
| 952 |
|
|
|t P60, <04>, [BOOK], {604}
|a SNK
|b SNK
|y VYP
|7 0
|p 17A0291571
|o snkSE 9971 D1
|i snkKSP 2850/2001
|0 0
|1 0
|4 0
|d 2001-02-21
|l 0
|r 2005-01-02 00:00:00
|w 2026-02-23
|